000 00888nam a22001817a 4500
003 UA-OsUOA
001 13823
007 ta
008 20030622b un ||||| |||| 00| 0 ukr d
100 _aВалецький О.
942 _cSA
040 _aUA-OsUOA
_cUA-OsUOA
_dUA-OsUOA
245 _aЛікувати не хворобу, а людину - головний принцип інформаційно-хвильової терапії
_b[Лікар-кардіолог Рівнен. центр. міськ. лікарні О.Валецький розповідає про застосування в своїй практиці інформ.-хвильової терапії]/Розмовляла Н.Мініч]
300 _aС.7
955 _a0
773 0 _w0
_tРівненський кооператор
_dРівне
_d2003
_g№24/13 черв./
650 7 _aВалецький О.
_2UDC
999 _c299984
_d299984